| 000 | 00610nam a2200193 4500 | ||
|---|---|---|---|
| 003 | OSt | ||
| 005 | 20240725040206.0 | ||
| 006 | a | ||
| 008 | 240725b |||||||| |||| 00| 0 eng d | ||
| 020 | _a9789710388967 | ||
| 040 |
_aDWCL-Main lib. _cOC |
||
| 082 | _aFil. 490.7 M357k 2010 | ||
| 100 | _aMarquez, Servillano T. Jr. | ||
| 245 | _aKomunikasyon sa akademikong Filipino: Filipino I para sa antas tersarya / | ||
| 260 |
_aMandaluyong City : _bBooks Atbp. Pub. Corp., _cc2010. |
||
| 300 |
_axii, _b251 p. ; _c22 cm. |
||
| 650 | _a1. Filipino language - Study and teaching. | ||
| 942 |
_2ddc _n0 _cBK - FIL _kFil. |
||
| 999 |
_c2721 _d2721 |
||